|
|
|
|
| LEADER |
00694cam a2200205 7i4500 |
| 001 |
0000066208 |
| 005 |
20090810090000.0 |
| 008 |
090805s2008 enka eng |
| 020 |
# |
0 |
|a 9781845640620
|
| 090 |
0 |
0 |
|a TK 1001
|b .T4 2008
|
| 245 |
0 |
0 |
|a Thermal engineering in power systems
|c edited by R.S. Amano, B. Sunden.
|
| 260 |
# |
# |
|a Southampton, UK:
|b WIT,
|c 2008.
|
| 300 |
# |
# |
|a [xiii], 391 p.:
|b ill.;
|c 23 cm..
|
| 490 |
0 |
0 |
|a Developments in heat transfer;
|v v.22
|
| 504 |
0 |
0 |
|a Includes bibliographical references.
|
| 650 |
0 |
0 |
|a Heat engineering
|
| 650 |
0 |
0 |
|a Electric power systems
|
| 700 |
1 |
1 |
|a Amano, Ryoichi S.
|
| 700 |
1 |
1 |
|a Sunden, Bengt
|
| 999 |
|
|
|a 1100066757
|b Book
|c Open Shelf
|e KOLEKSI TERBUKA
|